[Event "48th Groningen Open A"]
[Site "Groningen NED"]
[Date "2011.12.26"]
[Round "5.27"]
[White "Knol, Geon"]
[Black "Andraschko, Felix"]
[Result "1-0"]
[WhiteElo "2152"]
[BlackElo "2103"]
[WhiteFideId "1012142"]
[BlackFideId "24628174"]
[EventDate "2011.12.21"]

1. e4 c5 2. Nc3 e6 3. d3 d5 4. Nf3 dxe4 5. Nxe4 Be7 6. Be3 Nd7 7. d4 cxd4 8.
Qxd4 Ngf6 9. Nd6+ Bxd6 10. Qxd6 Qa5+ 11. c3 Nd5 12. Bd4 N7f6 13. Bc4 Qc7 14.
Qxc7 Nxc7 15. Be5 Ncd5 16. Bxd5 Nxd5 17. Bxg7 Rg8 18. Be5 f6 19. Bg3 e5 20. O-O
Bg4 21. Nd2 O-O-O 22. Nb3 Rde8 23. f3 Bh5 24. Rfe1 Nb6 25. Na5 Rd8 26. f4 Rd5
27. b4 Nd7 28. Nb3 exf4 29. Bxf4 Ne5 30. Bg3 Rd3 31. Rf1 Ng4 32. Rf5 Be8 33.
Rc5+ Kd8 34. Re1 b6 35. Rc4 Ne3 36. Rd4+ Rxd4 37. Nxd4 Nd5 38. Rc1 Bd7 39. a3
Rg4 40. Ne2 Bb5 41. Rd1 Bxe2 42. Rxd5+ Ke7 43. Kf2 Bc4 44. Rh5 Rg7 45. Rh4 b5
46. a4 a6 47. Rd4 Rg8 48. Bd6+ Ke6 49. Bg3 Bd5 50. a5 Rg7 51. Rd3 Rf7 52. Bf4
Rg7 53. g3 Rf7 54. h4 h5 55. Ke3 Rd7 56. Rd2 Bb3 57. Rd4 Rd5 58. Re4+ Kf7 59.
Bc7 Bc2 60. Rd4 Ke6 61. c4 bxc4 62. Rxc4 Ba4 63. Bf4 Bb5 64. Rc3 Ba4 65. Rc8 Bb5
66. Rh8 Rd3+ 67. Kf2 Rd5 68. Rh6 Kf7 69. Rh7+ Kg6 70. Rb7 Kf5 71. Be3 Kg4 72.
Rb6 Kf5 73. Rb8 Kg6 74. Bc5 Rf5+ 75. Ke3 Bf1 76. Bd6 Rd5 77. Rb6 Kf7 78. Bc5 Kg7
79. Bd4 Rf5 80. Rc6 Bb5 81. Rc5 Kg6 82. Rc7 Rd5 83. Ke4 Rf5 84. Bc5 Re5+ 85. Kd4
Kf5 86. Bd6 Re4+ 87. Kd5 Re2 88. Rc3 Re8 89. Rf3+ Kg6 90. Bc7 Re2 91. Rc3 Kf5
92. Kc5 Re6 93. Bd6 Kg6 94. Rf3 Be2 95. Rf4 Bb5 96. Rd4 Re3 97. Kb6 Rc3 98. Rd5
Bf1 99. Bf4 Rb3 100. Rd4 Kf7 101. Ka7 Rc3 102. Kb7 Rb3 103. Rd7+ Kg6 104. Bd6
Kf5 105. Bf8 Rd3 106. Rh7 Kg6 107. Rg7+ Kf5 108. b5 axb5 109. a6 Rd8 110. Bb4
Bg2+ 111. Kb6 Rb8+ 112. Ka5 Bf3 113. a7 Ra8 114. Kxb5 Ke6 115. Kb6 f5 116. Bd2
Kd6 117. Bf4+ Ke6 118. Bb8 1-0

[Event "48th Groningen Open A"]
[Site "Groningen NED"]
[Date "2011.12.27"]
[Round "6.1"]
[White "Zherebukh, Yaroslav"]
[Black "Hess, Robert L"]
[Result "1/2-1/2"]
[WhiteTitle "GM"]
[BlackTitle "GM"]
[WhiteElo "2594"]
[BlackElo "2625"]
[WhiteFideId "14116804"]
[BlackFideId "2022036"]
[EventDate "2011.12.21"]

1. e4 e6 2. d4 d5 3. e5 c5 4. c3 Qb6 5. Nf3 Nc6 6. a3 Bd7 7. b4 cxd4 8. cxd4 Rc8
9. Bb2 Nh6 10. Nc3 Na5 11. Na4 Qc6 12. Nc5 Nc4 13. Bc1 Nf5 14. Bd3 b6 15. Nxd7
Qxd7 16. Bxf5 exf5 17. h4 Be7 18. O-O h6 19. Ra2 O-O 20. h5 a5 21. bxa5 bxa5 22.
Ne1 a4 23. Nd3 Rb8 24. Re1 Rb1 25. Rae2 Bxa3 26. Qc2 Qb5 27. Bxh6 Rxe1+ 28. Rxe1
gxh6 29. Nf4 Bb4 30. Rb1 a3 31. Rb3 Qd7 32. Rxb4 Ra8 33. Rb1 Qa7 34. Qd3 Rb8 35.
Ra1 Qd7 36. e6 fxe6 37. Nxe6 Re8 38. Nf4 Re4 39. Qg3+ Qg7 40. Ng6 Re8 41. Qf4
Qf6 42. g3 Qg5 43. Qc7 Qf6 44. Qa7 Qg7 45. Qa4 Rd8 46. Re1 Qd7 47. Qa6 Qd6 48.
Qa7 Qd7 49. Qa6 Qd6 50. Qb7 Qd7 51. Qa6 1/2-1/2

[Event "48th Groningen Open A"]
[Site "Groningen NED"]
[Date "2011.12.27"]
[Round "6.4"]
[White "Romanov, Evgeny"]
[Black "Michiels, Bart"]
[Result "1-0"]
[WhiteTitle "GM"]
[BlackTitle "IM"]
[WhiteElo "2627"]
[BlackElo "2492"]
[WhiteFideId "4148843"]
[BlackFideId "202967"]
[EventDate "2011.12.21"]

1. d4 d5 2. Nf3 Nf6 3. c4 c6 4. Nc3 e6 5. Bg5 Nbd7 6. e3 Qa5 7. cxd5 Nxd5 8. Qd2
Bb4 9. Rc1 h6 10. Bh4 Nxc3 11. bxc3 Ba3 12. Rb1 O-O 13. Bd3 b6 14. O-O Ba6 15.
Bxa6 Qxa6 16. e4 Rfe8 17. Rbd1 Be7 18. Bg3 Nf6 19. Qc2 Nh5 20. Be5 f6 21. Bg3
Nxg3 22. hxg3 Rad8 23. Qb3 Bf8 24. a4 c5 25. e5 f5 26. d5 c4 27. Qc2 Rxd5 28.
Rxd5 exd5 29. Qxf5 Qc8 30. Qg6 Re6 31. Qc2 Bc5 32. Rd1 Qd7 33. g4 Re7 34. Qd2
Qxg4 35. Qxd5+ Kh7 36. Re1 Rd7 37. Qc6 Rf7 38. e6 Re7 39. Qd5 Qf4 40. Kf1 Rc7
41. g3 Qf6 42. Re5 Be7 43. Qe4+ Qg6 44. Rf5 Bf6 45. Nh4 Bxh4 46. gxh4 Rc5 47. e7 1-0

[Event "48th Groningen Open A"]
[Site "Groningen NED"]
[Date "2011.12.27"]
[Round "6.5"]
[White "Bok, Benjamin"]
[Black "Michalik, Peter"]
[Result "1-0"]
[WhiteTitle "IM"]
[BlackTitle "GM"]
[WhiteElo "2513"]
[BlackElo "2509"]
[WhiteFideId "1017063"]
[BlackFideId "14907526"]
[EventDate "2011.12.21"]

1. e4 c6 2. d4 d5 3. e5 Bf5 4. Nf3 e6 5. Be2 Nd7 6. O-O h6 7. Nbd2 Ne7 8. c3 Bh7
9. Nb3 a6 10. Bd2 Nc8 11. Nc1 c5 12. Bd3 Bxd3 13. Nxd3 Na7 14. Be3 c4 15. Nf4 b5
16. Nd2 Qc7 17. b3 Nb6 18. Qg4 O-O-O 19. a4 g5 20. Ne2 cxb3 21. axb5 b2 22. Ra2
Nxb5 23. Rxb2 Na3 24. Ra2 a5 25. Rfa1 Nac4 26. Nxc4 Nxc4 27. Nc1 Nxe3 28. fxe3
Qxc3 29. Qe2 Kd7 30. Rc2 Qb4 31. Nd3 Qb6 32. Rf1 Rh7 33. Rfc1 Rh8 34. Qf2 Ke8
35. Rc7 Rh7 36. Qc2 Be7 37. Rxe7+ Kxe7 38. Rb1 1-0

[Event "48th Groningen Open A"]
[Site "Groningen NED"]
[Date "2011.12.27"]
[Round "6.7"]
[White "Ruck, Robert"]
[Black "De Jong, Migchiel"]
[Result "1-0"]
[WhiteTitle "GM"]
[BlackTitle "IM"]
[WhiteElo "2579"]
[BlackElo "2367"]
[WhiteFideId "705713"]
[BlackFideId "1002848"]
[EventDate "2011.12.21"]

1. Nf3 Nf6 2. g3 g6 3. c4 Bg7 4. d4 O-O 5. Bg2 c6 6. Nc3 d5 7. Qb3 e6 8. O-O
Nbd7 9. Bf4 b6 10. Rac1 Bb7 11. Rfd1 Re8 12. h3 h6 13. g4 dxc4 14. Qxc4 Nd5 15.
Bg3 Nxc3 16. Qxc3 c5 17. Qa3 Qe7 18. dxc5 bxc5 19. Bd6 Qf6 20. Ne5 Bxg2 21. Nxd7
Qd8 22. Be5 Bd5 23. Bxg7 Qxd7 24. Bxh6 Kh7 25. Bg5 Qb5 26. Qg3 Qxb2 27. Qh4+ Kg7
28. Rb1 Qe5 29. f4 Qe3+ 30. Kf1 Bg2+ 31. Kxg2 Qxe2+ 32. Qf2 Qe4+ 33. Kg3 Rab8
34. Rxb8 Rxb8 35. Qxc5 1-0

[Event "48th Groningen Open A"]
[Site "Groningen NED"]
[Date "2011.12.27"]
[Round "6.8"]
[White "Hoffmann, Michael1"]
[Black "Pijpers, Arthur"]
[Result "1-0"]
[WhiteTitle "GM"]
[WhiteElo "2499"]
[BlackElo "2332"]
[WhiteFideId "4601297"]
[BlackFideId "1019554"]
[EventDate "2011.12.21"]

1. d4 Nf6 2. c4 c5 3. d5 b5 4. Nf3 Bb7 5. Qc2 bxc4 6. e4 e6 7. Bxc4 exd5 8. exd5
Qe7+ 9. Be3 Ng4 10. O-O Nxe3 11. fxe3 d6 12. e4 Nd7 13. Nc3 f6 14. Ne2 g6 15.
Nf4 Bh6 16. Ne6 Nf8 17. Qa4+ Kf7 18. e5 Kg8 19. exf6 Qxf6 20. Nfg5 Qxb2 21. Rab1
Qe5 22. Rxb7 Bxg5 23. Qxa7 Nxe6 24. Qxa8+ Nd8 25. Bb5 Be7 26. Rd7 Kg7 27. Qa7 1-0

[Event "48th Groningen Open A"]
[Site "Groningen NED"]
[Date "2011.12.27"]
[Round "6.9"]
[White "Naroditsky, Daniel"]
[Black "Galoyan, Levon"]
[Result "1-0"]
[WhiteTitle "IM"]
[BlackTitle "FM"]
[WhiteElo "2472"]
[BlackElo "2231"]
[WhiteFideId "2026961"]
[BlackFideId "13302027"]
[EventDate "2011.12.21"]

1. g3 d5 2. Bg2 Nf6 3. d3 Nbd7 4. Nf3 e5 5. O-O Bd6 6. Nbd2 O-O 7. e4 c6 8. b3
Re8 9. Bb2 Nf8 10. Nh4 Bg4 11. f3 Bd7 12. Kh1 Bc5 13. Qe2 a5 14. a3 b5 15. f4
exf4 16. Rxf4 d4 17. Raf1 Ng6 18. Nxg6 hxg6 19. e5 g5 20. Rxd4 Bxd4 21. Bxd4 Ng4
22. Qf3 Be6 23. Bb2 Qd5 24. Ne4 Rf8 25. h3 Nxe5 26. Nf6+ gxf6 27. Qxf6 1-0

[Event "48th Groningen Open A"]
[Site "Groningen NED"]
[Date "2011.12.27"]
[Round "6.11"]
[White "Klein, David"]
[Black "Poetsch, Hagen"]
[Result "0-1"]
[WhiteTitle "FM"]
[BlackTitle "IM"]
[WhiteElo "2378"]
[BlackElo "2408"]
[WhiteFideId "1003623"]
[BlackFideId "24615137"]
[EventDate "2011.12.21"]

1. e4 c5 2. Ne2 d6 3. g3 b5 4. Bg2 Bb7 5. d4 cxd4 6. Nxd4 a6 7. O-O Nf6 8. Re1
e5 9. Nf5 g6 10. Nh6 Nbd7 11. Bg5 Be7 12. a4 bxa4 13. Nc3 Nc5 14. Nxa4 Nfd7 15.
Be3 Qc7 16. Nc3 Nb6 17. Qe2 Rf8 18. b4 Ncd7 19. Nd5 Nxd5 20. exd5 f5 21. c4 e4
22. f4 Bf6 23. g4 Bg7 24. gxf5 Bxh6 25. Rac1 Nf6 26. fxg6 hxg6 27. c5 Bxd5 28.
Red1 Qd7 29. cxd6 Bc6 30. Rc5 Rf7 31. Re5+ Kf8 32. Re7 Qg4 33. Qxg4 Nxg4 34. Bc5
Rd8 35. Bh3 Nf6 36. Be6 Rg7 37. Rxg7 Kxg7 38. Bb6 Rb8 39. Bc7 Rxb4 40. d7 Bxd7
41. Bxd7 e3 42. Be5 Bxf4 43. Ba1 Kf7 44. Bc8 Ra4 45. Kg2 Ra2+ 46. Kg1 Bxh2+ 47.
Kh1 Ne4 48. Rf1+ Ke8 49. Bb2 Rxb2 50. Bd7+ Ke7 51. Rf7+ Kxf7 52. Be6+ Kf8 53.
Bd5 Ng3# 0-1

[Event "48th Groningen Open A"]
[Site "Groningen NED"]
[Date "2011.12.27"]
[Round "6.12"]
[White "Anurag, Mhamal"]
[Black "Brandenburg, Daan"]
[Result "0-1"]
[BlackTitle "GM"]
[WhiteElo "2222"]
[BlackElo "2519"]
[WhiteFideId "5024366"]
[BlackFideId "1011014"]
[EventDate "2011.12.21"]

1. e4 c5 2. Nf3 e6 3. Nc3 Nc6 4. g3 a6 5. Bg2 d6 6. O-O Qc7 7. d4 cxd4 8. Nxd4
Bd7 9. h3 Be7 10. Be3 Nf6 11. g4 h6 12. f4 Rc8 13. Nb3 b5 14. a3 g5 15. fxg5
hxg5 16. Bxg5 Qb6+ 17. Kh2 Qd8 18. Kg1 Ne5 19. Qd4 Nfxg4 20. Bxe7 Qxe7 21. Rf4
Nf6 22. Rd1 Nh5 23. Rf2 Rg8 24. Qxd6 Qg5 25. Rdd2 Rd8 26. Qc7 Qg3 27. Rxd7 Rxd7
28. Qc8+ Rd8 29. Qxa6 Nf4 30. Qxb5+ Nd7 0-1

[Event "48th Groningen Open A"]
[Site "Groningen NED"]
[Date "2011.12.27"]
[Round "6.13"]
[White "Clemens, Adrian"]
[Black "Firat, Burak"]
[Result "1/2-1/2"]
[WhiteTitle "FM"]
[BlackTitle "IM"]
[WhiteElo "2226"]
[BlackElo "2393"]
[WhiteFideId "1006487"]
[BlackFideId "6305881"]
[EventDate "2011.12.21"]

1. d4 Nf6 2. c4 g6 3. Nc3 d5 4. Nf3 Bg7 5. Bf4 O-O 6. e3 c5 7. dxc5 Ne4 8. Be5
Bxe5 9. Nxe5 Nxc3 10. bxc3 Qa5 11. Rc1 Nc6 12. Nxc6 bxc6 13. cxd5 cxd5 14. Qd2
Be6 15. Be2 Rac8 16. O-O Rxc5 17. Rc2 Rfc8 18. Rfc1 Bd7 19. h3 e6 20. Rb2 Rxc3
21. Rxc3 Qxc3 22. Qxc3 Rxc3 23. Rb7 Rc1+ 24. Kh2 Rc2 25. Bd1 Rd2 26. Rxd7 Rxd1
27. Rxa7 Rd2 28. Kg3 g5 29. Kf3 h5 30. g4 h4 31. a4 Ra2 32. Kg2 Kg7 33. Kf3 Kf6
34. Kg2 Kg6 35. Kf3 f5 36. gxf5+ exf5 37. Ra8 Kg7 38. Ra7+ Kf6 39. Ra8 Kg7 40.
Ra7+ Kf6 41. Ra8 d4 42. exd4 Ra3+ 43. Kg2 g4 44. hxg4 fxg4 45. Rf8+ Kg5 46. Rg8+
Kf5 47. Rf8+ Kg5 48. Rg8+ Kf5 49. Rf8+ Kg5 50. Rg8+ 1/2-1/2

[Event "48th Groningen Open A"]
[Site "Groningen NED"]
[Date "2011.12.27"]
[Round "6.15"]
[White "Ypma, Peter"]
[Black "Georgiadis, Nico"]
[Result "1/2-1/2"]
[BlackTitle "FM"]
[WhiteElo "2105"]
[BlackElo "2316"]
[WhiteFideId "1027255"]
[BlackFideId "1300113"]
[EventDate "2011.12.21"]

1. d4 Nf6 2. Nf3 g6 3. g3 Bg7 4. Bg2 d6 5. O-O O-O 6. c4 Nbd7 7. Nc3 e5 8. e4 c6
9. d5 Qc7 10. b3 Nc5 11. Ne1 cxd5 12. cxd5 a5 13. Nd3 Bd7 14. Nxc5 Qxc5 15. Na4
Bxa4 16. Be3 Qa3 17. bxa4 Rfc8 18. Qb3 Rc3 19. Qxb7 Rac8 20. Bd2 Rc2 21. Bxa5
Qxa4 22. Bb4 Bf8 23. Qb6 Nd7 24. Qa5 Qxa5 25. Bxa5 Ra8 26. Bb4 Raxa2 27. Rxa2
Rxa2 28. Rc1 Rb2 29. Ba5 Nc5 30. Bc3 Rxf2 31. Kxf2 Nd3+ 32. Kf3 Nxc1 33. Bd2 Nd3
34. Bf1 Nc5 35. Be3 Nd7 36. Bb5 Nf6 37. Bg5 Kg7 38. Bxf6+ Kxf6 39. h4 h5 40. Bd7
Ke7 1/2-1/2

[Event "48th Groningen Open A"]
[Site "Groningen NED"]
[Date "2011.12.27"]
[Round "6.17"]
[White "Thakur, Akash"]
[Black "Van Overdam, Julian"]
[Result "1/2-1/2"]
[WhiteElo "2324"]
[BlackElo "2244"]
[WhiteFideId "5008514"]
[BlackFideId "1015303"]
[EventDate "2011.12.21"]

1. d4 Nf6 2. c4 e5 3. dxe5 Ng4 4. Bf4 g5 5. Bg3 Bg7 6. Nf3 Nc6 7. Nc3 Ngxe5 8.
Nxe5 Nxe5 9. e4 d6 10. Be2 Be6 11. Nd5 c6 12. Ne3 Qa5+ 13. Qd2 Qxd2+ 14. Kxd2
Rd8 15. Kc2 d5 16. cxd5 cxd5 17. exd5 Bxd5 18. Nxd5 Rxd5 19. Rad1 Rxd1 20. Rxd1
Ke7 21. Rd5 Rc8+ 22. Kb3 Ke6 23. Bxe5 Bxe5 24. Bc4 Kf6 25. Rd7 Rc7 26. Rxc7 1/2-1/2

[Event "48th Groningen Open A"]
[Site "Groningen NED"]
[Date "2011.12.27"]
[Round "6.18"]
[White "Afek, Yochanan"]
[Black "Duijker, Rick"]
[Result "0-1"]
[WhiteTitle "IM"]
[BlackTitle "FM"]
[WhiteElo "2301"]
[BlackElo "2204"]
[WhiteFideId "2800462"]
[BlackFideId "1010565"]
[EventDate "2011.12.21"]

1. e4 e6 2. d4 d5 3. e5 c5 4. c3 Nc6 5. Nf3 Bd7 6. a3 f6 7. Bd3 fxe5 8. Nxe5
Nxe5 9. dxe5 Ne7 10. O-O Qc7 11. f4 O-O-O 12. b4 g5 13. fxg5 Ng6 14. Bxg6 hxg6
15. Rf7 d4 16. cxd4 cxd4 17. Bf4 Qb6 18. Nd2 d3+ 19. Kh1 Be8 20. Rf6 Be7 21. Qe1
Qd4 22. Rc1+ Kb8 23. Be3 Qd5 24. Rf3 Bc6 25. Qg1 Rh4 26. Bxa7+ Ka8 27. Bf2 Rg4
28. Bg3 Bxg5 29. Rc5 Qd4 30. Bf2 Qb2 31. Ra5+ Kb8 32. Ba7+ Kc8 33. Be3 Bxf3 34.
Ra8+ Kd7 35. Rxd8+ Bxd8 36. Nxf3 Bc7 37. h3 Rc4 38. Bd2 Bxe5 39. Qf1 Qa1 40.
Nxe5+ Qxe5 41. Qxd3+ Rd4 42. Qc2 Qd6 43. Be1 Rd1 44. Qe2 Qd3 45. Qf2 Qf5 46. Qe2
Qh5 47. Qe4 Kd6 48. Kh2 Qd5 49. Bg3+ Kc6 50. Qxg6 Kb5 51. Qg7 Rd2 52. Bf4 Re2
53. Qg4 Qe4 54. Qg8 Qxf4+ 0-1

[Event "48th Groningen Open A"]
[Site "Groningen NED"]
[Date "2011.12.27"]
[Round "6.19"]
[White "Pel, Bonno"]
[Black "Cako, Laszlo"]
[Result "0-1"]
[WhiteTitle "FM"]
[WhiteElo "2292"]
[BlackElo "2111"]
[WhiteFideId "1004760"]
[BlackFideId "1008153"]
[EventDate "2011.12.21"]

1. g3 d5 2. Bg2 Nf6 3. d3 e6 4. f4 c5 5. Nf3 Nc6 6. O-O Be7 7. c3 Qc7 8. Na3 O-O
9. Qe1 b6 10. Bd2 Bb7 11. h3 Rad8 12. Rc1 Rfe8 13. g4 a6 14. g5 Nd7 15. Qg3 Bd6
16. e4 dxe4 17. dxe4 b5 18. c4 Qb6 19. h4 Nb4 20. e5 Bf8 21. h5 Nb8 22. Be3 Rd3
23. Rce1 N8c6 24. g6 fxg6 25. hxg6 h6 26. Qf2 Nd4 27. Bxd4 cxd4 28. Ng5 Bxg2 29.
Qxg2 Re3 30. Ne4 Be7 31. Kh1 Rf8 32. cxb5 Rxe1 33. Rxe1 Rxf4 34. Rf1 Rh4+ 35.
Kg1 Nd5 36. Nc4 Qc7 37. Ned6 axb5 38. Rf7 Qc5 0-1

[Event "48th Groningen Open A"]
[Site "Groningen NED"]
[Date "2011.12.27"]
[Round "6.20"]
[White "Lyell, Mark"]
[Black "Rietveld, Renze"]
[Result "1-0"]
[WhiteTitle "FM"]
[WhiteElo "2189"]
[BlackElo "2264"]
[WhiteFideId "402354"]
[BlackFideId "1013998"]
[EventDate "2011.12.21"]

1. e4 c5 2. Nc3 a6 3. Nf3 e6 4. Be2 b5 5. O-O Nc6 6. d4 cxd4 7. Nxd4 Bb7 8. Be3
Nf6 9. Nxc6 Bxc6 10. e5 b4 11. exf6 bxc3 12. Qd4 Qxf6 13. b3 Be7 14. Rfd1 O-O
15. Qxf6 Bxf6 16. Bd4 Rfc8 17. Bxf6 gxf6 18. Rd6 a5 19. a4 Rab8 20. f3 Kf8 21.
Rad1 Ke7 22. R6d3 Bd5 23. Kf2 Rc7 24. Re3 Bb7 25. f4 f5 26. Bd3 Kf6 27. Rh3 Rg8
28. Rg1 Rg4 29. g3 Rg7 30. Rh6+ Ke7 31. Re1 Rc5 32. Re5 Rxe5 33. fxe5 Kd8 34.
Ke3 Kc7 35. Kd4 d6 36. exd6+ Kxd6 37. Bxf5 Rg5 38. Bxh7 f5 39. Kxc3 Be4 40. Rg6
Rh5 41. Bg8 Rxh2 42. Rxe6+ Kc5 43. Re5+ Kc6 44. Rxa5 Rxc2+ 45. Kd4 Rg2 46. Ra6+
Kc7 47. Rg6 Rc2 48. Bd5 Re2 49. Kc5 Re3 50. Rg7+ Kc8 51. Kd6 1-0

[Event "48th Groningen Open A"]
[Site "Groningen NED"]
[Date "2011.12.27"]
[Round "6.22"]
[White "Nuri, Kambez"]
[Black "Bijlsma, Nick"]
[Result "1/2-1/2"]
[WhiteTitle "FM"]
[WhiteElo "2256"]
[BlackElo "2150"]
[WhiteFideId "1311433"]
[BlackFideId "1007041"]
[EventDate "2011.12.21"]

1. e4 c5 2. Nf3 d6 3. d4 cxd4 4. Nxd4 Nf6 5. Nc3 a6 6. Be2 e6 7. O-O Be7 8. Be3
O-O 9. f4 Nc6 10. Kh1 Qc7 11. Qe1 Bd7 12. Qg3 b5 13. a3 Kh8 14. Rae1 Rac8 15.
Bd3 Ng8 16. Nf3 b4 17. Ne2 bxa3 18. bxa3 Na5 19. Bd4 f6 20. e5 dxe5 21. Nxe5 Be8
22. Rb1 fxe5 23. Bb6 Qc6 24. Bxa5 e4 25. Nd4 Qd5 26. Bxa6 Rxc2 27. Nxc2 Qxa5 28.
Bc4 Nf6 29. Nd4 Nh5 30. Qe3 Bc5 31. Qxe4 Bg6 32. f5 exf5 33. Qe5 Qxa3 34. Nb5
Qe3 35. Qxe3 Bxe3 36. Rbe1 Bc5 37. Re5 Bb4 38. g4 fxg4 39. Rxf8+ Bxf8 40. Be2
Nf6 41. Nc3 h6 42. Nd1 Be4+ 43. Rxe4 Nxe4 44. Bxg4 g6 45. Kg2 Bd6 46. Ne3 Kg7
47. Nd5 Nc5 48. Be2 Ne6 49. Bd3 Nd4 50. Nc3 Be5 51. Ne4 Nf5 52. h3 Kf8 53. Nd2
Ke7 54. Bxf5 gxf5 55. Nf1 Ke6 56. Ne3 Bd4 57. Nxf5 Kxf5 1/2-1/2

[Event "48th Groningen Open A"]
[Site "Groningen NED"]
[Date "2011.12.27"]
[Round "6.23"]
[White "Kappus, Stephan"]
[Black "Meng, Roger"]
[Result "0-1"]
[WhiteElo "2093"]
[BlackElo "2283"]
[WhiteFideId "12906875"]
[BlackFideId "1000152"]
[EventDate "2011.12.21"]

1. e4 c6 2. d4 d5 3. Nc3 dxe4 4. Nxe4 Nf6 5. Ng3 h5 6. Bc4 h4 7. N3e2 Bf5 8. h3
e6 9. Nf3 Be4 10. Be3 Bxf3 11. gxf3 Nbd7 12. Qd2 Qc7 13. Bf4 Bd6 14. Rg1 g6 15.
Bg5 Rh5 16. c3 O-O-O 17. O-O-O Kb8 18. Kb1 Rc8 19. Qd3 Nd5 20. Bxd5 cxd5 21. Rg4
Nb6 22. f4 Nc4 23. Bf6 Ka8 24. Be5 Qb6 25. b3 Be7 26. Rdg1 Na3+ 27. Ka1 Qa5 28.
Rxg6 fxg6 29. Qxg6 Rxe5 30. fxe5 Qa6 31. Qg4 Qd3 32. b4 Bxb4 33. cxb4 Nc2+ 34.
Kb2 Qa3+ 35. Kb1 Qxb4+ 0-1

[Event "48th Groningen Open A"]
[Site "Groningen NED"]
[Date "2011.12.27"]
[Round "6.24"]
[White "Van Overdam, Jan"]
[Black "Vogel, Jaap"]
[Result "0-1"]
[BlackTitle "FM"]
[WhiteElo "2069"]
[BlackElo "2169"]
[WhiteFideId "1022741"]
[BlackFideId "1000764"]
[EventDate "2011.12.21"]

1. e4 e6 2. Qe2 c5 3. Nc3 Nc6 4. Nf3 Be7 5. d3 d6 6. g3 Nf6 7. Bg2 O-O 8. O-O a6
9. a4 e5 10. Nd5 Nxd5 11. exd5 Nd4 12. Nxd4 exd4 13. c4 dxc3 14. bxc3 Bf6 15.
Bb2 Bf5 16. Be4 Re8 17. Rfe1 b5 18. axb5 axb5 19. Qc2 Rxa1 20. Rxa1 Qd7 21. Ra6
c4 22. f3 cxd3 23. Qxd3 Bxe4 24. fxe4 b4 25. Kg2 h5 26. Rc6 h4 27. Qe2 Qf5 28.
Qf3 Qxe4 29. Qxe4 Rxe4 30. Kf3 Re1 31. Rc4 hxg3 32. hxg3 bxc3 33. Ba3 Be5 34.
Bb4 Rg1 35. g4 Rg3+ 36. Kf2 Rd3 37. Ke2 Rxd5 38. Bxc3 Bxc3 39. Rxc3 Rd4 40. Kf3
Kh7 41. Rc7 Kg6 42. Rd7 Kf6 43. Rc7 g5 44. Ra7 Rf4+ 45. Kg3 Ke6 46. Ra6 f6 0-1

[Event "48th Groningen Open A"]
[Site "Groningen NED"]
[Date "2011.12.27"]
[Round "6.25"]
[White "Sparenberg, Erik"]
[Black "Theulings, Paul-Peter"]
[Result "1/2-1/2"]
[BlackTitle "CM"]
[WhiteElo "2162"]
[BlackElo "2128"]
[WhiteFideId "1013262"]
[BlackFideId "1002899"]
[EventDate "2011.12.21"]

1. e4 Nf6 2. e5 Nd5 3. d4 d6 4. c4 Nb6 5. exd6 exd6 6. Nc3 Be7 7. h3 Nc6 8. Nf3
O-O 9. Be2 Bf6 10. Ne4 Re8 11. Nxf6+ Qxf6 12. O-O Bf5 13. b3 d5 14. c5 Nc8 15.
Be3 N8e7 16. Qd2 Be4 17. Ng5 Bg6 18. Bd3 Nf5 19. Nf3 Nh4 20. Nxh4 Qxh4 21. Bb5
Re6 22. Bxc6 bxc6 23. Rae1 1/2-1/2

[Event "48th Groningen Open A"]
[Site "Groningen NED"]
[Date "2011.12.27"]
[Round "6.26"]
[White "Maris, Ivo"]
[Black "Knol, Geon"]
[Result "1-0"]
[WhiteElo "2022"]
[BlackElo "2152"]
[WhiteFideId "1028146"]
[BlackFideId "1012142"]
[EventDate "2011.12.21"]

1. Nf3 Nf6 2. d4 c6 3. g3 d6 4. Bg2 Qa5+ 5. c3 g6 6. O-O Bg7 7. Re1 O-O 8. e4
Nfd7 9. Be3 Na6 10. Qd2 Re8 11. b4 Qd8 12. Bh6 Bh8 13. e5 dxe5 14. dxe5 Nf8 15.
Qf4 Ne6 16. Qh4 Qd3 17. Nbd2 Qxc3 18. a3 Nac7 19. Ne4 Qd3 20. Re3 Qd8 21. Bh3
Ng7 22. g4 Nce6 23. Rae1 Nd4 24. Nfg5 Nc2 25. Bxg7 Bxg7 26. Nf6+ exf6 27. Qxh7+
Kf8 28. exf6 1-0

[Event "48th Groningen Open A"]
[Site "Groningen NED"]
[Date "2011.12.27"]
[Round "6.27"]
[White "Andraschko, Felix"]
[Black "Hummel, Joop"]
[Result "1-0"]
[WhiteElo "2103"]
[BlackElo "2030"]
[WhiteFideId "24628174"]
[BlackFideId "1012126"]
[EventDate "2011.12.21"]

1. Nf3 d5 2. d4 e6 3. c4 c6 4. e3 Nf6 5. Nbd2 Nbd7 6. Bd3 Bd6 7. O-O O-O 8. e4
dxe4 9. Nxe4 Nxe4 10. Bxe4 c5 11. Bc2 cxd4 12. Qd3 f5 13. Qxd4 Qc7 14. Rd1 Bc5
15. Qc3 Nf6 16. Be3 Bxe3 17. Qxe3 Ng4 18. Qe2 e5 19. h3 e4 20. hxg4 exf3 21.
Qxf3 fxg4 22. Bxh7+ Kxh7 23. Qxf8 g3 24. fxg3 Bg4 25. Qd6 Qf7 26. Qd5 Qg6 27.
Re1 Rf8 28. Qe4 Bf5 29. Qh4+ Kg8 30. c5 Qc6 31. Qc4+ Kh7 32. Rad1 Rf6 33. Qd5
Qc7 34. Qe5 Qf7 35. Rf1 Qh5 36. Rd4 1-0

[Event "48th Groningen Open A"]
[Site "Groningen NED"]
[Date "2011.12.28"]
[Round "7.2"]
[White "Tiviakov, Sergei"]
[Black "Bok, Benjamin"]
[Result "1-0"]
[WhiteTitle "GM"]
[BlackTitle "IM"]
[WhiteElo "2650"]
[BlackElo "2513"]
[WhiteFideId "1008013"]
[BlackFideId "1017063"]
[EventDate "2011.12.21"]

1. e4 e5 2. Nf3 Nc6 3. Bb5 f5 4. Nc3 fxe4 5. Nxe4 Nf6 6. Nxf6+ Qxf6 7. Qe2 Be7
8. Bxc6 bxc6 9. Nxe5 Qe6 10. Nc4 Qxe2+ 11. Kxe2 O-O 12. d3 Bf6 13. Rb1 d5 14.
Ne3 Bd7 15. f3 Rae8 16. Kf2 Rf7 17. Bd2 Bh4+ 18. g3 Be7 19. c3 Ref8 20. f4 g5
21. Rhg1 Kh8 22. Ng2 Bf5 23. Ke2 Bg4+ 24. Ke1 Bf5 25. Be3 Bxd3 26. Rd1 Be4 27.
fxg5 Bf3 28. Rd3 Re8 29. Kd2 Be4 30. Rd4 Rb8 31. Kc1 Ba3 32. Rxe4 Rxb2 33. Bd4+
Kg8 34. Re8+ Rf8 35. Rxf8+ Kxf8 36. Kd1 c5 37. Be3 Rxa2 38. Rf1+ Ke8 39. Rf2
Ra1+ 40. Ke2 a5 41. Rf6 Bb2 42. Bxc5 Bxc3 43. Ra6 d4 44. Nf4 Re1+ 45. Kd3 Rd1+
46. Kc4 Rd2 47. h4 Kd7 48. Ne6 Rg2 49. Nxd4 Bxd4 50. Bxd4 Rxg3 51. Rh6 a4 52.
Rxh7+ Kc6 53. Rxc7+ 1-0

[Event "48th Groningen Open A"]
[Site "Groningen NED"]
[Date "2011.12.28"]
[Round "7.5"]
[White "Poetsch, Hagen"]
[Black "Ruck, Robert"]
[Result "1/2-1/2"]
[WhiteTitle "IM"]
[BlackTitle "GM"]
[WhiteElo "2408"]
[BlackElo "2579"]
[WhiteFideId "24615137"]
[BlackFideId "705713"]
[EventDate "2011.12.21"]

1. e4 c6 2. d4 d5 3. exd5 cxd5 4. c4 Nf6 5. Nc3 e6 6. Nf3 Bb4 7. cxd5 exd5 8.
Bd3 O-O 9. O-O Bg4 10. Bg5 Bxc3 11. bxc3 Nbd7 12. Rc1 Qa5 13. Qb3 Ne4 14. Bf4
Rac8 15. Qxb7 Rxc3 16. Rxc3 Qxc3 17. Bxe4 dxe4 18. Ne5 Nxe5 19. dxe5 1/2-1/2